Josyp Terelya : (Record no. 3849)

MARC details
000 -LEADER
fixed length control field 01157cam a2200313Ia 4500
001 - CONTROL NUMBER
control field 24818278
003 - CONTROL NUMBER IDENTIFIER
control field OCoLC
005 - DATE AND TIME OF LATEST TRANSACTION
control field 20181123110226.0
008 - FIXED-LENGTH DATA ELEMENTS--GENERAL INFORMATION
fixed length control field 911120s1991 ohua 000 0 eng d
010 ## - LIBRARY OF CONGRESS CONTROL NUMBER
LC control number 91061562
020 ## - INTERNATIONAL STANDARD BOOK NUMBER
International Standard Book Number 1877678171 :
Terms of availability $10.00
040 ## - CATALOGING SOURCE
Original cataloging agency ZNM
Transcribing agency ZNM
Modifying agency OCL
-- DAY
082 ## - DEWEY DECIMAL CLASSIFICATION NUMBER
Classification number 322.10
Item number T316W
092 ## - LOCALLY ASSIGNED DEWEY CALL NUMBER (OCLC)
Classification number [B]
100 1# - MAIN ENTRY--PERSONAL NAME
Personal name Tereli︠a︡, Ĭosyp
245 10 - TITLE STATEMENT
Title Josyp Terelya :
Remainder of title witness to apparitions and persecution in the USSR /
Statement of responsibility, etc. an autobiography by Josyp Terelya with Michael H. Brown
260 ## - PUBLICATION, DISTRIBUTION, ETC.
Place of publication, distribution, etc. Milford, Ohio :
Name of publisher, distributor, etc. Faith Publishing Co. for The Riehle Foundation,
Date of publication, distribution, etc. c1991
265 ## - SOURCE FOR ACQUISITION/SUBSCRIPTION ADDRESS [OBSOLETE]
Source for acquisition/subscription address [OBSOLETE] Faith Publications Co., P.O. Box 237, Milford, OH 45150
300 ## - PHYSICAL DESCRIPTION
Extent 324 p. :
Other physical details ill. ;
Dimensions 22 x 14 cm
600 00 - SUBJECT ADDED ENTRY--PERSONAL NAME
Personal name Mary,
Titles and other words associated with a name Blessed Virgin, Saint
General subdivision Apparitions and miracles
Geographic subdivision Ukraine
-- Hrushiv
600 10 - SUBJECT ADDED ENTRY--PERSONAL NAME
Personal name Tereli︠a︡, Ĭosyp
650 #4 - SUBJECT ADDED ENTRY--TOPICAL TERM
Topical term or geographic name entry element Carmelite Nuns
General subdivision Books and reading.
650 #0 - SUBJECT ADDED ENTRY--TOPICAL TERM
Topical term or geographic name entry element Persecution
Geographic subdivision Ukraine
Chronological subdivision 1945-
650 #0 - SUBJECT ADDED ENTRY--TOPICAL TERM
Topical term or geographic name entry element Visionaries
Geographic subdivision Ukraine
-- Hrushiv
650 #0 - SUBJECT ADDED ENTRY--TOPICAL TERM
Topical term or geographic name entry element Church and state
Geographic subdivision Ukraine
Chronological subdivision 1945-
651 #0 - SUBJECT ADDED ENTRY--GEOGRAPHIC NAME
Geographic name Hrushiv (Ukraine)
General subdivision Religious life and customs
700 1# - ADDED ENTRY--PERSONAL NAME
Personal name Brown, Michael Harold,
Dates associated with a name 1952-
942 ## - ADDED ENTRY ELEMENTS (KOHA)
Source of classification or shelving scheme Dewey Decimal Classification
Koha item type Books
Holdings
Withdrawn status Lost status Source of classification or shelving scheme Damaged status Not for loan Collection code Home library Current library Shelving location Date acquired Cost, normal purchase price Total Checkouts Full call number Barcode Date last seen Price effective from Koha item type
    Dewey Decimal Classification     Non-fiction Harvest Mission College Harvest Mission College General Stacks 23.11.2018 360.00   322.10 T316W 004344 23.11.2018 23.11.2018 Books

OPAC Designed and Maintained by HMC Library Team.
Copyright © HMC Library,Greater Noida, UP.
For any Suggestions/Query Contact library via Email:libhmc@gmail.com